00294nam a22001217a 4500020001500000040000900015082002000024100001800044245002700062250001900089260003700108650002700145 a8178085658 cNUST a621.3815324 HAY aSimon, Haykin aAdaptive Filter Theory aFourth Edition aIndia:bPearson Education,c2002 aAdaptive Filter Theory